00346nam a22001217a 450000500170000000800410001708200140005810000360007224500530010826000460016130000090020765000080021620200604101853.0200604b xxu||||| |||| 00| 0 eng d a345.4 AIR aThe All India Reporter1964 Ltd. aThe All India Reporter1964 (V-51) PUNJAB Section aBOMOAYbThe All India Reporter Ltd.c1964 a73p. aLAW